[Event "Toronto Closed C reserves"]
[Site "Toronto CAN"]
[Date "2004.02.10"]
[Round "2"]
[White "Matusek, Paul"]
[Black "Kitich, Zeljko"]
[Result "0-1"]
[WhiteElo "1240"]
[BlackElo "1574"]
[PlyCount "90"]
[GameId "2160767911200536"]
[EventDate "2004.01.18"]
[EventType "tourn"]
[EventRounds "9"]
[EventCountry "CAN"]

1. e4 e6 2. d3 d5 3. exd5 exd5 4. g3 Bd6 5. Bg2 Ne7 6. Ne2 O-O 7. O-O Bf5 8. Nbc3 c6 9. Bg5 f6 10. Bf4 Ng6 11. Bxd6 Qxd6 12. Nd4 Bd7 13. Re1 Na6 14. a3 Nc7 15. b4 b5 16. Nb3 Ne6 17. d4 Rfe8 18. Qd2 Re7 19. Ne2 Ngf8 20. Nbc1 Qc7 21. Nd3 Be8 22. Nef4 Bf7 23. Re2 Nxd4 24. Rxe7 Qxe7 25. Re1 Qc7 26. Nc5 Nf5 27. Qd3 Nd6 28. h4 Nc4 29. Bh3 Ne5 30. Qd1 Re8 31. Bg2 Nfd7 32. Nb3 Nb6 33. Nc5 Nbc4 34. Qc1 a5 35. Nfd3 Bg6 36. Nxe5 Nxe5 37. Nb3 axb4 38. axb4 Qe7 39. Nd4 Qxb4 40. c3 Qe7 41. Re3 Qd7 42. Kf1 Nd3 43. Qd2 Rxe3 44. Qxe3 Ne5 45. Kg1 c5 0-1

[Event "Toronto Closed C reserves"]
[Site "Toronto CAN"]
[Date "2004.02.18"]
[Round "2"]
[White "Barmasch, Oswald"]
[Black "Ferreira, Alex"]
[Result "0-1"]
[WhiteElo "1712"]
[BlackElo "1657"]
[PlyCount "72"]
[GameId "2160767911200537"]
[EventDate "2004.01.18"]
[EventType "tourn"]
[EventRounds "9"]
[EventCountry "CAN"]

1. e4 c5 2. Nc3 e6 3. g3 d5 4. exd5 exd5 5. Bg2 Nf6 6. d3 Be7 7. Nf3 O-O 8. O-O Re8 9. Bd2 Nc6 10. Re1 Bg4 11. Ne2 Qb6 12. Qc1 Rac8 13. h3 Bh5 14. Nf4 Bg6 15. Ne5 Bd6 16. Nfxg6 hxg6 17. Nf3 Rxe1+ 18. Nxe1 c4 19. Kf1 Bc5 20. Be3 Nd4 21. c3 Nf5 22. Bxc5 Rxc5 23. d4 Rb5 24. Rb1 Ne4 25. Nc2 Nxc3 26. Na3 Nxa2 27. Qe1 Rxb2 28. Rxb2 Qxb2 29. Qe8+ Kh7 30. Bxd5 Qxa3 31. Bxf7 Ne7 32. Bxc4 Qc1+ 33. Kg2 Qxc4 34. Qxe7 Qd5+ 35. f3 Qxd4 36. Qxb7 Nc3 0-1

[Event "Toronto Closed C reserves"]
[Site "Toronto CAN"]
[Date "2004.01.31"]
[Round "3"]
[White "Kitich, Zeljko"]
[Black "Barmasch, Oswald"]
[Result "1-0"]
[WhiteElo "1574"]
[BlackElo "1712"]
[PlyCount "97"]
[GameId "2160767911200538"]
[EventDate "2004.01.18"]
[EventType "tourn"]
[EventRounds "9"]
[EventCountry "CAN"]

1. d4 Nf6 2. Bg5 e6 3. e4 Be7 4. e5 Nd5 5. Bxe7 Qxe7 6. a3 a6 7. c4 Nb6 8. f4 d5 9. c5 N6d7 10. Nf3 b6 11. b4 a5 12. Nc3 O-O 13. Bd3 bxc5 14. bxc5 f5 15. O-O Ba6 16. Nb5 Bxb5 17. Bxb5 c6 18. Ba4 Rc8 19. Nd2 Nf8 20. Rf3 Ng6 21. Qf1 Qh4 22. Rb1 Nd7 23. Rb7 Qd8 24. Rfb3 Ne7 25. Qd1 Rcb8 26. Nf3 h6 27. Nh4 Qc8 28. Qb1 Rxb7 29. Rxb7 Rb8 30. Rxb8 Qxb8 31. Qc2 Nf8 32. Nf3 Nfg6 33. g3 Kf7 34. Nd2 h5 35. Nb3 h4 36. Nxa5 hxg3 37. hxg3 Qc8 38. Qc3 Nf8 39. Qb4 Nd7 40. Nb7 g6 41. Bd1 Qb8 42. a4 g5 43. Nd6+ Kg6 44. Qxb8 Nxb8 45. Kf2 Na6 46. a5 g4 47. Be2 Nc7 48. a6 Na8 49. a7 1-0

[Event "Toronto Closed C reserves"]
[Site "Toronto CAN"]
[Date "2004.02.01"]
[Round "3"]
[White "Karpik, Steve"]
[Black "Jusyp, Serge"]
[Result "0-1"]
[WhiteElo "1576"]
[BlackElo "1501"]
[PlyCount "88"]
[GameId "2160767911200539"]
[EventDate "2004.01.18"]
[EventType "tourn"]
[EventRounds "9"]
[EventCountry "CAN"]

1. Nf3 c5 2. c4 Nf6 3. g3 g6 4. Nc3 Bg7 5. Rb1 Nc6 6. a3 d6 7. b4 Bf5 8. d3 O-O 9. Bg2 Qd7 10. Bd2 Bh3 11. O-O Bxg2 12. Kxg2 b6 13. bxc5 dxc5 14. Qc1 Rfe8 15. Rh1 e5 16. Qc2 Nd4 17. Qd1 Nxf3 18. exf3 Qxd3 19. Qf1 Qxd2 20. Nb5 Qd7 21. Rd1 Qe7 22. Qe2 a6 23. Nc3 Red8 24. h4 Rxd1 25. Qxd1 Rd8 26. Qe2 Rd4 27. Ne4 Nxe4 28. fxe4 Qe6 29. h5 Qxc4 30. Qg4 Qe6 31. Qh4 Bf6 32. Qh2 g5 33. h6 Rxe4 34. Qh5 Qf5 35. Rd1 Rd4 36. Re1 Qg6 37. Qh3 g4 38. Qh1 Qf5 39. Kf1 Qd3+ 40. Kg1 Qf3 41. Qh5 Rd1 42. Rxd1 Qxd1+ 43. Kh2 Qf3 44. Kg1 c4 0-1

[Event "Toronto Closed C reserves"]
[Site "Toronto CAN"]
[Date "2004.02.18"]
[Round "3"]
[White "Ferreira, Alex"]
[Black "Kagramanov, Dalia"]
[Result "1-0"]
[WhiteElo "1657"]
[BlackElo "1119"]
[PlyCount "109"]
[GameId "2160767911200540"]
[EventDate "2004.01.18"]
[EventType "tourn"]
[EventRounds "9"]
[EventCountry "CAN"]

1. e4 c6 2. d4 d5 3. exd5 cxd5 4. Nf3 Nc6 5. Bf4 Nf6 6. Nc3 Bg4 7. h3 Bh5 8. Be2 e6 9. Nb5 a6 10. Nc7+ Kd7 11. Nxa8 Qxa8 12. Ne5+ Ke8 13. Bxh5 Nxh5 14. Qxh5 g6 15. Qd1 Nb4 16. a3 f6 17. axb4 fxe5 18. Bxe5 Rg8 19. b5 Qc8 20. b6 Qc6 21. Bc7 Bd6 22. Qg4 Rg7 23. O-O Bxc7 24. bxc7 Rxc7 25. Rfe1 Re7 26. Ra5 Qd6 27. Rc5 Kd8 28. Re5 b6 29. Rexd5 Qxd5 30. Rxd5+ exd5 31. Qg5 Ke8 32. Qxd5 Re2 33. Qg8+ Kd7 34. Qxh7+ Re7 35. Qxg6 Re6 36. Qf5 Kd6 37. c4 Ke7 38. d5 Rd6 39. Qh7+ Kd8 40. Qg8+ Ke7 41. Qg7+ Kd8 42. Qf8+ Kd7 43. b4 a5 44. Qf7+ Kd8 45. c5 Rd7 46. Qf8+ Kc7 47. cxb6+ Kxb6 48. Qc5+ Kb7 49. Qc6+ Ka7 50. Qxd7+ Kb6 51. b5 a4 52. Qc6+ Ka7 53. Qc7+ Ka8 54. b6 a3 55. Qc8# 1-0

[Event "Toronto Closed C reserves"]
[Site "Toronto CAN"]
[Date "2004.02.18"]
[Round "4"]
[White "Lancia, Nicholas"]
[Black "Ferreira, Alex"]
[Result "0-1"]
[WhiteElo "1776"]
[BlackElo "1667"]
[PlyCount "118"]
[GameId "2160767911200541"]
[EventDate "2004.01.18"]
[EventType "tourn"]
[EventRounds "9"]
[EventCountry "CAN"]

1. e4 c5 2. Nf3 e6 3. d4 d5 4. exd5 exd5 5. Bb5+ Nc6 6. O-O Be6 7. c3 Qb6 8. Ba4 Bd6 9. Re1 h6 10. Ne5 Nge7 11. dxc5 Bxc5 12. Qe2 O-O 13. Nd3 Nf5 14. Nxc5 Qxc5 15. Qb5 Qxb5 16. Bxb5 d4 17. Bxc6 bxc6 18. cxd4 Nxd4 19. Na3 Rab8 20. Be3 Nb5 21. Nc2 Nc7 22. b3 Rb7 23. Bc5 Rd8 24. Nd4 Bd5 25. Re7 a5 26. h3 Re8 27. Rae1 Rbb8 28. Bd6 Ne6 29. Bxb8 Rxe7 30. Nf5 Rb7 31. Be5 a4 32. bxa4 Ra7 33. Re3 f6 34. Bd6 Rxa4 35. a3 h5 36. Ne7+ Kf7 37. Nxd5 cxd5 38. Bb4 g5 39. Kf1 Ra7 40. g3 Rc7 41. Re1 Rc4 42. Rb1 h4 43. a4 g4 44. hxg4 Rxg4 45. gxh4 Rxh4 46. Kg1 Nd4 47. a5 Nc6 48. Bd2 Ra4 49. Rb7+ Kg6 50. Rb6 Nxa5 51. Ra6 Ra1+ 52. Kg2 Nb3 53. Rxa1 Nxa1 54. Kf3 Kf5 55. Ke3 Nb3 56. Bc3 Nc1 57. Kd2 Nb3+ 58. Kd3 Nc5+ 59. Kd4 Na4 0-1

[Event "Toronto Closed C reserves"]
[Site "Toronto CAN"]
[Date "2004.02.18"]
[Round "5"]
[White "Ferreira, Alex"]
[Black "Jusyp, Serge"]
[Result "1-0"]
[WhiteElo "1657"]
[BlackElo "1501"]
[PlyCount "91"]
[GameId "2160767911200542"]
[EventDate "2004.01.18"]
[EventType "tourn"]
[EventRounds "9"]
[EventCountry "CAN"]

1. e4 c5 2. Nf3 d6 3. c4 Nc6 4. Nc3 e6 5. g3 g6 6. d4 cxd4 7. Nxd4 Bg7 8. Be3 a6 9. Bg2 Nge7 10. h4 e5 11. Nc2 Be6 12. Nd5 O-O 13. h5 Bxd5 14. cxd5 Nb8 15. a4 a5 16. Na3 Na6 17. Nc4 Nc8 18. Qb3 Nb4 19. Bd2 Rb8 20. Bxb4 axb4 21. Qxb4 Qe7 22. a5 f5 23. a6 b5 24. Na5 Na7 25. Nb7 Rf6 26. Rc1 fxe4 27. Bxe4 g5 28. Qa5 Rf7 29. g4 Rxb7 30. axb7 Qxb7 31. Qd8+ Rf8 32. Qxd6 Nc8 33. Qe6+ Kh8 34. Rc6 Qa7 35. O-O Ne7 36. Rc2 Rf4 37. d6 Bf6 38. dxe7 Bxe7 39. Qxe5+ Bf6 40. Rc8+ Kg7 41. Rc7+ Kh6 42. Rxa7 Rxg4+ 43. Qg3 Rxg3+ 44. fxg3 Bd4+ 45. Kg2 Bxa7 46. Rf7 1-0

[Event "Toronto Closed C reserves"]
[Site "Toronto CAN"]
[Date "2004.02.19"]
[Round "6"]
[White "Johnson, Wylie"]
[Black "Ferreira, Alex"]
[Result "0-1"]
[WhiteElo "1564"]
[BlackElo "1657"]
[PlyCount "74"]
[GameId "2160767911200543"]
[EventDate "2004.01.18"]
[EventType "tourn"]
[EventRounds "9"]
[EventCountry "CAN"]

1. e4 c5 2. Nc3 e6 3. f4 d5 4. Bb5+ Nc6 5. e5 Bd7 6. Nf3 Be7 7. d4 cxd4 8. Nxd4 Bb4 9. a3 Bxc3+ 10. bxc3 a6 11. Qg4 Nge7 12. Bd3 Qa5 13. Bd2 h5 14. Qh3 Qb6 15. Nb3 g5 16. Be3 Qc7 17. fxg5 Nxe5 18. Bd4 Nxd3+ 19. Qxd3 e5 20. Qg3 Ng6 21. Kd2 h4 22. Qe3 O-O 23. Bb6 Qc4 24. Na5 Qg4 25. Rhg1 Rfe8 26. Nxb7 d4 27. cxd4 exd4 28. Qxd4 Qxg5+ 29. Kc3 Bf5 30. Nd6 Re2 31. Rac1 Nf8 32. Nxf7 Rc8+ 33. Bc5 Kxf7 34. Qd5+ Kg7 35. Rgf1 Qf6+ 36. Kb3 Be6 37. Bxf8+ Rxf8 0-1

[Event "Toronto Closed C reserves"]
[Site "Toronto CAN"]
[Date "2004.02.22"]
[Round "6"]
[White "Jusyp, Serge"]
[Black "Kitich, Zeljko"]
[Result "1/2-1/2"]
[WhiteElo "1501"]
[BlackElo "1574"]
[PlyCount "163"]
[GameId "2160767911200544"]
[EventDate "2004.01.18"]
[EventType "tourn"]
[EventRounds "9"]
[EventCountry "CAN"]

1. d4 d5 2. c4 c6 3. Nc3 Nf6 4. e3 Bf5 5. Nf3 e6 6. Qb3 Qb6 7. c5 Qxb3 8. axb3 Be7 9. Be2 O-O 10. O-O Nbd7 11. b4 a6 12. Bd2 Rfc8 13. Na4 Bd8 14. Rfc1 Bc7 15. Nh4 Bg6 16. Nxg6 hxg6 17. f3 Kh7 18. Kf2 Rh8 19. Rh1 Kg8 20. h3 Nh5 21. f4 Nhf6 22. Nc3 Ne4+ 23. Nxe4 dxe4 24. g4 Nf6 25. Rag1 Nd5 26. Bd1 f5 27. g5 a5 28. bxa5 Bxa5 29. Bxa5 Rxa5 30. Bb3 Rb5 31. Bxd5 Rxb2+ 32. Kg3 exd5 33. Ra1 Kh7 34. Rab1 Rxb1 35. Rxb1 Rb8 36. Rb6 Kg8 37. h4 Kf7 38. Rb2 Ke7 39. Rh2 b6 40. Rb2 b5 41. Ra2 Rb7 42. h5 gxh5 43. g6 Kf6 44. Ra6 Rc7 45. Kh4 Kxg6 46. Rb6 Kh6 47. Ra6 g6 48. Rb6 Kg7 49. Kg5 Kf7 50. Ra6 Ke6 51. Rb6 h4 52. Kxh4 Kf6 53. Kg3 g5 54. fxg5+ Kxg5 55. Rb8 Rg7 56. Kf2 Kg4 57. Rf8 Rg6 58. Rf7 Kg5 59. Rf8 Rf6 60. Rg8+ Rg6 61. Rf8 Kg4 62. Rf7 b4 63. Rb7 f4 64. Rxb4 fxe3+ 65. Kxe3 Rf6 66. Ke2 Kf4 67. Rb6 Rg6 68. Rb7 Rf6 69. Re7 Rg6 70. Kf2 Kf5 71. Re5+ Kg4 72. Re8 Kf5 73. Re5+ Kf6 74. Rh5 Rg5 75. Rh6+ Rg6 76. Rh5 Kg7 77. Re5 Kf7 78. Ke3 Rg3+ 79. Kf4 Rf3+ 80. Kg4 Rf6 81. Rh5 Kg6 82. Re5 1/2-1/2

[Event "Toronto Closed C reserves"]
[Site "Toronto CAN"]
[Date "2004.03.21"]
[Round "9"]
[White "Lancia, Nicholas"]
[Black "Jusyp, Serge"]
[Result "1-0"]
[WhiteElo "1776"]
[BlackElo "1501"]
[PlyCount "105"]
[GameId "2160767911200545"]
[EventDate "2004.01.18"]
[EventType "tourn"]
[EventRounds "9"]
[EventCountry "CAN"]

1. e4 c5 2. Nf3 d6 3. d4 cxd4 4. Nxd4 Nf6 5. Nc3 g6 6. Be2 Bg7 7. Be3 O-O 8. O-O Nc6 9. f4 Nxd4 10. Bxd4 a6 11. Bf3 Qc7 12. Kh1 e5 13. fxe5 dxe5 14. Be3 Be6 15. Rf2 Rad8 16. Rd2 Rxd2 17. Qxd2 Rd8 18. Qf2 Rd7 19. Rd1 Rxd1+ 20. Bxd1 Qc6 21. Qd2 Qd7 22. Qxd7 Bxd7 23. Bf3 Bf8 24. h3 Bc6 25. Bg5 Kg7 26. Be3 h6 27. a3 g5 28. Kg1 Kg6 29. g4 h5 30. Nd5 Bxd5 31. gxh5+ Nxh5 32. Bxh5+ Kxh5 33. exd5 f5 34. Bb6 Kg6 35. c4 Kf7 36. b4 Be7 37. Kf2 Ke8 38. Be3 Kd7 39. Kg2 f4 40. Ba7 e4 41. Bd4 f3+ 42. Kg3 Bd6+ 43. Kg4 Bf4 44. h4 f2 45. Bxf2 e3 46. Be1 e2 47. hxg5 Bc1 48. g6 Bb2 49. Kh5 Bg7 50. c5 Ke7 51. Bh4+ Kd7 52. Kg4 Bf6 53. Bf2 1-0

[Event "Toronto Closed Premier"]
[Site "Toronto CAN"]
[Date "2004.01.18"]
[Round "1"]
[White "Kret, Ted"]
[Black "Stevens, Christian"]
[Result "1/2-1/2"]
[WhiteElo "2122"]
[BlackElo "2264"]
[PlyCount "124"]
[GameId "2160767911200546"]
[EventDate "2004.01.18"]
[EventType "tourn"]
[EventRounds "11"]
[EventCountry "CAN"]
[SourceTitle "EXT 2005"]
[Source "ChessBase"]
[SourceDate "2004.11.15"]
[SourceVersion "1"]
[SourceVersionDate "2004.11.15"]
[SourceQuality "1"]

1. d4 Nf6 2. c4 Nc6 3. Nf3 e6 4. g3 d5 5. Bg2 dxc4 6. O-O Rb8 7. Bg5 Be7 8. Qc2 b5 9. Rd1 Nb4 10. Qc1 Bb7 11. Nc3 O-O 12. a4 a6 13. Qb1 Nbd5 14. axb5 Nxc3 15. bxc3 Be4 16. Qc1 axb5 17. Qf4 Nd5 18. Bxe7 Nxf4 19. Bxd8 Nxe2+ 20. Kf1 Nxc3 21. Bxc7 Rbc8 22. Bd6 Rfd8 23. Be7 Re8 24. Bb4 Nxd1 25. Rxd1 c3 26. Ne5 Bxg2+ 27. Kxg2 f6 28. Nd3 Red8 29. Bc5 e5 30. Rb1 exd4 31. Rxb5 Rd5 32. Ra5 c2 33. Bb4 Rxa5 34. Bxa5 c1=Q 35. Nxc1 Rxc1 36. Kf3 Kf7 37. Bb6 d3 38. Ke3 Rc3 39. Kd2 Ra3 40. Bc5 Rb3 41. Bd4 Ke6 42. Bc3 Kf5 43. f3 g5 44. h3 h5 45. Kxd3 g4 46. fxg4+ hxg4 47. h4 Rb1 48. Ba5 Rf1 49. Bc7 Kg6 50. Ke2 Rf3 51. Bb8 Kf5 52. Bc7 Ke4 53. h5 Rf5 54. h6 Rh5 55. Bf4 Rh2+ 56. Kf1 Kf3 57. Kg1 Ke4 58. Kf1 Kf5 59. Kg1 Rc2 60. Kf1 Rc4 61. Kg2 Rxf4 62. h7 Rc4 1/2-1/2

[Event "Toronto Closed Premier"]
[Site "Toronto CAN"]
[Date "2004.01.18"]
[Round "1"]
[White "Krnan, Tomas"]
[Black "Gurevich, Artjom"]
[Result "1-0"]
[WhiteElo "2312"]
[BlackElo "2232"]
[PlyCount "61"]
[GameId "2160767911200547"]
[EventDate "2004.01.18"]
[EventType "tourn"]
[EventRounds "11"]
[EventCountry "CAN"]
[SourceTitle "EXT 2005"]
[Source "ChessBase"]
[SourceDate "2004.11.15"]
[SourceVersion "1"]
[SourceVersionDate "2004.11.15"]
[SourceQuality "1"]

1. e4 c5 2. Nc3 e6 3. Nf3 a6 4. d4 cxd4 5. Nxd4 b5 6. Bd3 Qb6 7. Nb3 Qc7 8. O-O Bb7 9. a4 b4 10. Ne2 Nf6 11. Bf4 Bd6 12. Bxd6 Qxd6 13. c3 Bxe4 14. Bxe4 Nxe4 15. f3 Qxd1 16. Rfxd1 Nf6 17. cxb4 Ke7 18. b5 d5 19. b6 a5 20. Rac1 Nfd7 21. b7 Ra7 22. Rc7 Kd6 23. Rdc1 e5 24. Nd2 Ra6 25. Rc8 Rf8 26. Nc3 Rb6 27. Nb5+ Ke6 28. R1c7 f5 29. Nb3 Rf6 30. Rxb8 Rxb5 31. Re8+ 1-0

[Event "Toronto Closed Premier"]
[Site "Toronto CAN"]
[Date "2004.01.18"]
[Round "1"]
[White "Raheb, David"]
[Black "Rek, Slava"]
[Result "0-1"]
[WhiteElo "2244"]
[BlackElo "2312"]
[PlyCount "84"]
[GameId "2160767911200548"]
[EventDate "2004.01.18"]
[EventType "tourn"]
[EventRounds "11"]
[EventCountry "CAN"]

1. e4 c5 2. Nf3 Nc6 3. Bb5 g6 4. O-O Bg7 5. Nc3 e6 6. Bxc6 dxc6 7. e5 f5 8. Re1 Nh6 9. d4 cxd4 10. Bg5 Qb6 11. Na4 Qc7 12. Qxd4 Nf7 13. Bf4 h6 14. h4 b6 15. b4 O-O 16. c4 Qe7 17. c5 g5 18. hxg5 hxg5 19. Bc1 g4 20. Nd2 Rd8 21. Qc3 Rd5 22. f4 Ba6 23. Nf1 Bxf1 24. Kxf1 Qb7 25. Nb2 bxc5 26. bxc5 Qb5+ 27. Qc4 Rxc5 28. Qxb5 cxb5 29. Be3 Rc2 30. Nd3 Rd8 31. Nc5 Re8 32. Re2 Rc4 33. Rb1 g3 34. Rxb5 Nh6 35. Nd3 Ng4 36. Bxa7 Bh6 37. Be3 Rd8 38. Rb3 Re4 39. Bb6 Rf8 40. Bc5 Rc8 41. Bd6 Ne3+ 42. Rxe3 Rxe3 0-1

[Event "Toronto Closed Premier"]
[Site "Toronto CAN"]
[Date "2004.01.23"]
[Round "1"]
[White "Filipovich, David"]
[Black "Vaingorten, Yaaqov"]
[Result "1/2-1/2"]
[WhiteElo "2209"]
[BlackElo "2263"]
[PlyCount "71"]
[GameId "2160767911200549"]
[EventDate "2004.01.18"]
[EventType "tourn"]
[EventRounds "11"]
[EventCountry "CAN"]
[SourceTitle "EXT 2005"]
[Source "ChessBase"]
[SourceDate "2004.11.15"]
[SourceVersion "1"]
[SourceVersionDate "2004.11.15"]
[SourceQuality "1"]

1. Nf3 c5 2. g3 d5 3. Bg2 Nc6 4. d4 Nf6 5. O-O e6 6. c4 Be7 7. cxd5 exd5 8. Nc3 O-O 9. Bg5 cxd4 10. Nxd4 h6 11. Be3 Bg4 12. h3 Bh5 13. Nf5 Bb4 14. Nxd5 Nxd5 15. Bxd5 Qf6 16. g4 Bg6 17. Bxc6 Qxc6 18. Qd4 Bxf5 19. gxf5 Be7 20. Rac1 Qa6 21. Qg4 Kh7 22. Bd4 Bf6 23. Bxf6 Qxf6 24. Rc3 Rad8 25. Qf4 Rfe8 26. e4 Rd4 27. Re1 Rb4 28. Rc7 Kg8 29. b3 Qb2 30. Qd6 Rbxe4 31. Rxe4 Qb1+ 32. Kh2 Qxe4 33. Qd7 Qf4+ 34. Kg2 Qe4+ 35. Kh2 Qe5+ 36. Kg2 1/2-1/2

[Event "Toronto Closed Premier"]
[Site "Toronto CAN"]
[Date "2004.01.24"]
[Round "1"]
[White "Noritsyn, Nikolay"]
[Black "Barron, Michael"]
[Result "1/2-1/2"]
[WhiteElo "2205"]
[BlackElo "2248"]
[PlyCount "109"]
[GameId "2160767911200550"]
[EventDate "2004.01.18"]
[EventType "tourn"]
[EventRounds "11"]
[EventCountry "CAN"]

1. e4 e5 2. Nf3 Nc6 3. Bb5 a6 4. Ba4 Nf6 5. O-O Be7 6. Re1 b5 7. Bb3 O-O 8. c3 d6 9. h3 Na5 10. Bc2 c5 11. d4 Qc7 12. Nbd2 g6 13. Nf1 Nh5 14. Bh6 Re8 15. Ne3 Be6 16. d5 Bd7 17. Nd2 Bf8 18. Bg5 f6 19. Bh4 Bg7 20. a4 c4 21. Ra3 Reb8 22. axb5 axb5 23. Qa1 Qd8 24. Qa2 Nb7 25. Ra1 Rxa3 26. Qxa3 Nc5 27. b4 cxb3 28. Nxb3 Nxb3 29. Bxb3 Qb6 30. Qa7 Qxa7 31. Rxa7 Be8 32. Ra6 Bf8 33. Bd1 g5 34. Bxh5 Bxh5 35. Bg3 Be2 36. Rc6 b4 37. cxb4 Rxb4 38. f3 Rb7 39. Rc2 Bb5 40. Rb2 Ba6 41. Rxb7 Bxb7 42. Be1 Kf7 43. Bb4 Ke8 44. Kf2 Ba6 45. Nf5 Kd7 46. g4 Kc7 47. Ba5+ Kd7 48. h4 gxh4 49. Nxh4 Bb5 50. Nf5 Kc8 51. Bb4 Kc7 52. Ba5+ Kc8 53. Bb4 Kc7 54. Ba5+ Kc8 55. Bb4 1/2-1/2

[Event "Toronto Closed Premier"]
[Site "Toronto CAN"]
[Date "2004.01.25"]
[Round "2"]
[White "Aronov, Yuri"]
[Black "Krnan, Tomas"]
[Result "0-1"]
[WhiteElo "2231"]
[BlackElo "2312"]
[PlyCount "74"]
[GameId "2160767911200552"]
[EventDate "2004.01.18"]
[EventType "tourn"]
[EventRounds "11"]
[EventCountry "CAN"]
[SourceTitle "EXT 2005"]
[Source "ChessBase"]
[SourceDate "2004.11.15"]
[SourceVersion "1"]
[SourceVersionDate "2004.11.15"]
[SourceQuality "1"]

1. d4 Nf6 2. c4 g6 3. Nc3 Bg7 4. e4 d6 5. Nf3 O-O 6. Be2 e5 7. O-O Nc6 8. d5 Ne7 9. Ne1 Nd7 10. Nd3 f5 11. Bd2 Nf6 12. f3 f4 13. g4 g5 14. Be1 Kh8 15. h3 Ng6 16. Rf2 Rf7 17. Rh2 Bf8 18. Bf2 h5 19. c5 Rh7 20. a4 dxc5 21. Nxc5 Bd6 22. Ne6 Bxe6 23. dxe6 Qe7 24. Bc4 Bc5 25. Nd5 Nxd5 26. Qxd5 Bxf2+ 27. Rxf2 c6 28. Qa5 hxg4 29. hxg4 b6 30. Qe1 Kg7 31. Bf1 Rah8 32. Bg2 Nh4 33. Qc3 Nxg2 34. Rd2 Qxe6 35. Rad1 Rh1+ 36. Kf2 Rxd1 37. Rxd1 Ne3 0-1

[Event "Toronto Closed Premier"]
[Site "Toronto CAN"]
[Date "2004.01.25"]
[Round "2"]
[White "Rek, Slava"]
[Black "Kret, Ted"]
[Result "0-1"]
[WhiteElo "2312"]
[BlackElo "2223"]
[PlyCount "64"]
[GameId "2160767911200553"]
[EventDate "2004.01.18"]
[EventType "tourn"]
[EventRounds "11"]
[EventCountry "CAN"]

1. e4 e6 2. d3 d5 3. Nd2 Nf6 4. Ngf3 c5 5. g3 Nc6 6. Bg2 Be7 7. O-O O-O 8. e5 Nd7 9. Re1 b5 10. h4 Qc7 11. Qe2 a5 12. Nf1 Ba6 13. Bg5 Rfe8 14. N1h2 b4 15. Bxe7 Rxe7 16. h5 c4 17. Ng4 Ree8 18. Qd2 Rec8 19. dxc4 Bxc4 20. Nh6+ gxh6 21. Qxh6 Qd8 22. Ng5 Nf8 23. Be4 dxe4 24. Rad1 Nd4 25. Nxe4 Nf3+ 26. Kh1 Bd5 27. Qf4 Nxe1 28. Rxd5 Qxd5 29. f3 Nd7 30. h6 Qxe5 31. Qg4+ Kh8 32. Nd6 Rf8 0-1

[Event "Toronto Closed Premier"]
[Site "Toronto CAN"]
[Date "2004.01.29"]
[Round "2"]
[White "Barron, Michael"]
[Black "Stevens, Christian"]
[Result "0-1"]
[WhiteElo "2248"]
[BlackElo "2299"]
[PlyCount "98"]
[GameId "2160767911200554"]
[EventDate "2004.01.18"]
[EventType "tourn"]
[EventRounds "11"]
[EventCountry "CAN"]

1. e4 c5 2. Nf3 e6 3. Nc3 a6 4. d4 cxd4 5. Nxd4 Qc7 6. Bd3 Nc6 7. Nb3 b5 8. f4 d6 9. O-O Nf6 10. g4 Nd7 11. g5 g6 12. Be3 Bg7 13. f5 b4 14. f6 Bf8 15. Ne2 h6 16. h4 hxg5 17. hxg5 Nde5 18. Nf4 Rh4 19. Be2 Na5 20. Nxa5 Qxa5 21. Qe1 Rh7 22. a3 Ng4 23. Bxg4 Qxg5 24. Qxb4 Qxg4+ 25. Ng2 Rh3 26. e5 Qh5 27. Qe4 d5 28. Qf4 d4 29. Qxd4 Rh1+ 30. Kf2 Qf5+ 31. Nf4 Qxc2+ 32. Ke1 Rxf1+ 33. Kxf1 Bd7 34. Kg1 g5 35. Rc1 Qf5 36. Nd3 Bb5 37. Nf2 Rd8 38. Qe4 Qxe4 39. Nxe4 g4 40. Kf2 Bd3 41. Nc5 Bxc5 42. Rxc5 Kf8 43. Kg3 Bf5 44. Rc6 Ra8 45. b4 Kg8 46. Bh6 Rd8 47. Kf4 Kh7 48. Bg7 Kg6 49. Rxa6 Rd3 0-1

[Event "Toronto Closed Premier"]
[Site "Toronto CAN"]
[Date "2004.01.29"]
[Round "2"]
[White "Gurevich, Artjom"]
[Black "Raheb, David"]
[Result "1/2-1/2"]
[WhiteElo "2232"]
[BlackElo "2216"]
[PlyCount "63"]
[GameId "2160767911200555"]
[EventDate "2004.01.18"]
[EventType "tourn"]
[EventRounds "11"]
[EventCountry "CAN"]
[SourceTitle "EXT 2005"]
[Source "ChessBase"]
[SourceDate "2004.11.15"]
[SourceVersion "1"]
[SourceVersionDate "2004.11.15"]
[SourceQuality "1"]

1. d4 Nf6 2. Nf3 g6 3. c4 Bg7 4. Nc3 O-O 5. g3 d6 6. Bg2 Nc6 7. O-O a6 8. h3 Rb8 9. Be3 b5 10. Nd2 b4 11. Nce4 Nxe4 12. Nxe4 e5 13. dxe5 Nxe5 14. b3 Bb7 15. a3 f5 16. Ng5 Bxg2 17. Kxg2 Qc8 18. axb4 h6 19. Qd5+ Kh8 20. Ne6 c6 21. Qxd6 Nf7 22. Qe7 Rb7 23. Nxf8 Rxe7 24. Nxg6+ Kh7 25. Nxe7 Qe6 26. Bc5 Bxa1 27. Rxa1 Ng5 28. Rxa6 Qe4+ 29. Kh2 Qxe2 30. Nxf5 Nf3+ 31. Kg2 Ne1+ 32. Kh2 1/2-1/2

[Event "Toronto Closed Premier"]
[Site "Toronto CAN"]
[Date "2004.01.30"]
[Round "2"]
[White "Noritsyn, Nikolay"]
[Black "Filipovich, David"]
[Result "1-0"]
[WhiteElo "2153"]
[BlackElo "2209"]
[PlyCount "106"]
[GameId "2160767911200556"]
[EventDate "2004.01.18"]
[EventType "tourn"]
[EventRounds "11"]
[EventCountry "CAN"]
[SourceTitle "EXT 2005"]
[Source "ChessBase"]
[SourceDate "2004.11.15"]
[SourceVersion "1"]
[SourceVersionDate "2004.11.15"]
[SourceQuality "1"]

1. e4 c6 2. d4 d5 3. exd5 cxd5 4. c4 Nf6 5. Nc3 Nc6 6. Nf3 Be6 7. c5 g6 8. Bb5 Bg7 9. Ne5 Bd7 10. Nxd7 Qxd7 11. O-O O-O 12. Re1 Rad8 13. Bf4 Nh5 14. Bg5 Rfe8 15. Rb1 f6 16. Bh4 Nf4 17. Ba4 Ne6 18. Nxd5 Nexd4 19. Qxd4 Nxd4 20. Bxd7 Rxd7 21. Nxf6+ Bxf6 22. Bxf6 Kf7 23. Bxd4 Rxd4 24. g3 Rd2 25. Re3 Red8 26. a3 Rc2 27. b4 Rdd2 28. Rf3+ Ke8 29. Re1 a5 30. Re6 axb4 31. axb4 Rb2 32. Rb6 Rd7 33. Kg2 Rd4 34. Rxb7 Rdxb4 35. Rxb4 Rxb4 36. Rc3 Kd7 37. c6+ Kc7 38. Kf3 g5 39. Rc5 h6 40. h3 Ra4 41. Re5 Kxc6 42. Rxe7 Kd5 43. Re8 Ra6 44. Kg4 Rf6 45. Rh8 Ke6 46. Kh5 Rxf2 47. Rxh6+ Kf7 48. Kxg5 Rg2 49. g4 Kg7 50. Ra6 Rh2 51. h4 Rb2 52. Ra5 Re2 53. h5 Rb2 1-0

[Event "Toronto Closed Premier"]
[Site "Toronto CAN"]
[Date "2004.01.18"]
[Round "3"]
[White "Stevens, Christian"]
[Black "Rek, Slava"]
[Result "1/2-1/2"]
[WhiteElo "2299"]
[BlackElo "2312"]
[PlyCount "31"]
[GameId "2160767911200557"]
[EventDate "2004.01.18"]
[EventType "tourn"]
[EventRounds "11"]
[EventCountry "CAN"]

1. Nf3 d5 2. c4 dxc4 3. Na3 Nf6 4. Nxc4 g6 5. b3 Bg7 6. Bb2 O-O 7. g3 b6 8. Bg2 Bb7 9. O-O c5 10. Rc1 Nc6 11. d4 Nxd4 12. Nxd4 Bxg2 13. Kxg2 cxd4 14. Qxd4 Qxd4 15. Bxd4 Rfd8 16. Rfd1 1/2-1/2

[Event "Toronto Closed Premier"]
[Site "Toronto CAN"]
[Date "2004.02.01"]
[Round "3"]
[White "Kret, Ted"]
[Black "Gurevich, Artjom"]
[Result "1-0"]
[WhiteElo "2122"]
[BlackElo "2232"]
[PlyCount "36"]
[GameId "2160767911200558"]
[EventDate "2004.01.18"]
[EventType "tourn"]
[EventRounds "11"]
[EventCountry "CAN"]
[SourceTitle "EXT 2005"]
[Source "ChessBase"]
[SourceDate "2004.11.15"]
[SourceVersion "1"]
[SourceVersionDate "2004.11.15"]
[SourceQuality "1"]

1. d4 Nf6 2. c4 e6 3. Nf3 b6 4. Nc3 Bb4 5. e3 Bb7 6. Bd3 c5 7. O-O Bxc3 8. bxc3 Be4 9. Be2 Nc6 10. Nd2 Bg6 11. f4 Ne4 12. Bf3 Nd6 13. Qe2 Rc8 14. Ba3 Qc7 15. e4 cxd4 16. f5 dxc3 17. fxg6 cxd2 18. Qxd2 Nxc4 1-0